[Event "7th Iberoamerican-ch 2019"]
[Site "Linares"]
[Date "2019.08.12"]
[Round "3.35"]
[White "Luque Saiz, Andres"]
[Black "Garcia Martin, Marta"]
[Result "1/2-1/2"]
[WhiteElo "1988"]
[BlackElo "2335"]
[Annotator "NA"]
[PlyCount "114"]
[EventDate "2019.08.10"]
[EventType "swiss"]
[EventCountry "ESP"]
[SourceTitle "playchess.com"]
[Source "ChessBase"]
[SourceQuality "1"]
[TimeControl "5400+30"]

1. e4 {[%emt 0:00:00]} e5 {[%emt 0:00:00]} 2. Nf3 {[%emt 0:00:00]} Nc6 {[%emt 0:00:00]} 3. Bc4 {[%emt 0:00:11]} Nf6 {[%emt 0:00:00]} 4. d3 {[%emt 0:00:15]} h6 {[%emt 0:03:22]} 5. Nbd2 {[%emt 0:03:52]} d6 {[%emt 0:00:33]} 6. O-O {[%emt 0:03:26]} g6 {[%emt 0:02:30]} 7. c3 {[%emt 0:05:08]} Bg7 {[%emt 0:00:15]} 8. Re1 {[%emt 0:01:34]} O-O {[%emt 0:00:36]} 9. Bb3 {[%emt 0:01:12]} Re8 {[%emt 0:18:12]} 10. Nf1 {[%emt 0:10:49]} Be6 {[%emt 0:08:04]} 11. Ng3 {[%emt 0:03:46]} d5 {[%emt 0:02:25]} 12. d4 {[%emt 0:17:10]} dxe4 {[%emt 0:28:30]} 13. Nxe5 {[%emt 0:01:43]} Nxe5 {[%emt 0:00:05]} 14. dxe5 {[%emt 0:00:09]} Nd7 {[%emt 0:10:34]} 15. Nxe4 {[%emt 0:10:06]} Nxe5 {[%emt 0:01:33]} 16. Bxe6 {[%emt 0:07:38]} Rxe6 {[%emt 0:00:33]} 17. Nc5 {[%emt 0:00:37]} Re8 {[%emt 0:07:41]} 18. Bf4 {[%emt 0:12:01]} b6 {[%emt 0:01:03]} 19. Bxe5 {[%emt 0:00:27]} Qxd1 {[%emt 0:05:40]} 20. Raxd1 {[%emt 0:03:39]} Bxe5 {[%emt 0:00:10]} 21. Nd3 {[%emt 0:00:51]} Bd6 {[%emt 0:00:07]} 22. Kf1 {[%emt 0:00:58]} a5 {[%emt 0:00:59]} 23. a4 {[%emt 0:02:01]} h5 {[%emt 0:00:14]} 24. h3 {[%emt 0:01:34]} Kf8 {[%emt 0:03:23]} 25. Rxe8+ {[%emt 0:03:08]} Rxe8 {[%emt 0:00:06]} 26. Re1 {[%emt 0:00:17]} Rd8 {[%emt 0:00:26]} 27. Ne5 {[%emt 0:01:14]} Bc5 {[%emt 0:02:28]} 28. Ke2 {[%emt 0:01:43]} Kg7 {[%emt 0:01:35]} 29. Nd3 {[%emt 0:00:38]} Be7 {[%emt 0:01:24]} 30. Rd1 {[%emt 0:02:07]} Bh4 {[%emt 0:00:29]} 31. g3 {[%emt 0:01:53]} Bf6 {[%emt 0:00:32]} 32. Nf4 {[%emt 0:01:34]} Rc8 {[%emt 0:01:54]} 33. Nd5 {[%emt 0:01:12]} Re8+ {[%emt 0:00:29]} 34. Kf3 {[%emt 0:00:39]} Be5 {[%emt 0:00:33]} 35. Re1 {[%emt 0:00:25]} Re6 {[%emt 0:00:16]} 36. Nf4 {[%emt 0:00:30]} Re7 {[%emt 0:00:25]} 37. Nd3 {[%emt 0:00:12]} Kf6 {[%emt 0:00:40]} 38. Nxe5 {[%emt 0:02:11]} Rxe5 {[%emt 0:00:04]} 39. Rd1 {[%emt 0:01:54]} Ke7 {[%emt 0:00:13]} 40. h4 {[%emt 0:00:20]} b5 {[%emt 0:01:14]} 41. Rd4 {[%emt 0:00:50]} bxa4 {[%emt 0:00:34]} 42. Rxa4 {[%emt 0:00:12]} Rb5 {[%emt 0:00:16]} 43. b4 {[%emt 0:00:22]} axb4 {[%emt 0:00:07]} 44. Rxb4 {[%emt 0:00:31]} Rc5 {[%emt 0:00:52]} 45. Re4+ {[%emt 0:00:50]} Kd6 {[%emt 0:00:19]} 46. Re3 {[%emt 0:00:28]} Rf5+ {[%emt 0:00:57]} 47. Ke2 {[%emt 0:00:07]} Kd5 {[%emt 0:00:30]} 48. f4 {[%emt 0:00:38]} Kc4 {[%emt 0:00:07]} 49. Kd2 {[%emt 0:00:06]} c5 {[%emt 0:00:53]} 50. Kc2 {[%emt 0:01:02]} Kd5 {[%emt 0:00:27]} 51. Re8 {[%emt 0:00:33]} Rf6 {[%emt 0:00:29]} 52. Kd3 {[%emt 0:00:19]} c4+ {[%emt 0:00:23]} 53. Ke3 {[%emt 0:00:12]} Ra6 {[%emt 0:00:45]} 54. Rd8+ {[%emt 0:00:16]} Kc5 {[%emt 0:00:19]} 55. Rc8+ {[%emt 0:00:06]} Kd5 {[%emt 0:00:33]} 56. Rd8+ {[%emt 0:00:05]} Kc5 {[%emt 0:00:31]} 57. Rc8+ {[%emt 0:00:05]} Kd5 {Kd4+} 1/2-1/2

[Event "7th Iberoamerican-ch 2019"]
[Site "Linares"]
[Date "2019.08.12"]
[Round "3.36"]
[White "Esquivias Quintero, Luis Manuel"]
[Black "Ingunza Curro, Andres"]
[Result "1-0"]
[WhiteElo "2275"]
[BlackElo "2131"]
[Annotator "NA"]
[PlyCount "131"]
[EventDate "2019.08.10"]
[EventType "swiss"]
[EventCountry "ESP"]
[SourceTitle "playchess.com"]
[Source "ChessBase"]
[SourceQuality "1"]
[TimeControl "5400+30"]

1. Nf3 {[%emt 0:00:00]} Nf6 {[%emt 0:00:00]} 2. c4 {[%emt 0:00:00]} e6 {[%emt 0:00:00]} 3. g3 {[%emt 0:01:30]} d5 {[%emt 0:00:04]} 4. Bg2 {[%emt 0:00:05]} Be7 {[%emt 0:00:04]} 5. O-O {[%emt 0:01:01]} O-O {[%emt 0:00:03]} 6. b3 {[%emt 0:00:04]} a5 {[%emt 0:00:15]} 7. a3 {[%emt 0:01:44]} a4 {[%emt 0:00:33]} 8. b4 {[%emt 0:08:24]} dxc4 {[%emt 0:01:52]} 9. Qc2 {[%emt 0:01:00]} b5 {[%emt 0:01:21]} 10. Bb2 {[%emt 0:03:19]} Bb7 {[%emt 0:06:33]} 11. Nc3 {[%emt 0:03:09]} c6 {[%emt 0:12:36]} 12. Rfd1 {[%emt 0:04:28]} Na6 {[%emt 0:05:01]} 13. Rac1 {[%emt 0:09:03]} Qb6 {[%emt 0:17:55]} 14. Ng5 {[%emt 0:04:54]} h6 {[%emt 0:05:08]} 15. Nxa4 {[%emt 0:04:13]} Qd8 {[%emt 0:03:32]} 16. Bxf6 {[%emt 0:00:24]} hxg5 {[%emt 0:00:01]} 17. Bxe7 {[%emt 0:00:07]} Qxe7 {[%emt 0:00:02]} 18. Nc3 {[%emt 0:00:22]} Nc7 {[%emt 0:01:41]} 19. Qb2 {[%emt 0:01:20]} f5 {[%emt 0:02:05]} 20. d3 {[%emt 0:01:39]} cxd3 {[%emt 0:01:11]} 21. Rxd3 {[%emt 0:01:25]} Rfd8 {[%emt 0:01:07]} 22. Rcd1 {[%emt 0:01:50]} Ne8 {[%emt 0:23:04]} 23. Qb3 {[%emt 0:18:24]} Nd6 {[%emt 0:05:32]} 24. a4 {[%emt 0:00:54]} bxa4 {[%emt 0:00:33]} 25. Nxa4 {[%emt 0:00:24]} Ba6 {[%emt 0:00:40]} 26. Re3 {[%emt 0:06:29]} Nc4 {[%emt 0:03:22]} 27. Rxd8+ {[%emt 0:03:15]} Rxd8 {[%emt 0:00:20]} 28. Rd3 {[%emt 0:00:29]} Bb5 {[%emt 0:05:33]} 29. Nc5 {[%emt 0:03:31]} Rd6 {[%emt 0:01:00]} 30. Qc3 {[%emt 0:03:44]} e5 {[%emt 0:02:08]} 31. e3 {[%emt 0:09:30]} e4 {[%emt 0:00:39]} 32. Rd4 {[%emt 0:00:21]} Qe5 {[%emt 0:00:47]} 33. Nb3 {[%emt 0:02:58]} Rxd4 {[%emt 0:01:03]} 34. Nxd4 {[%emt 0:01:06]} Qd5 {[%emt 0:00:35]} 35. Qa1 {[%emt 0:00:23]} Kh7 {[%emt 0:00:31]} 36. Qa8 {[%emt 0:01:04]} Ne5 {[%emt 0:00:25]} 37. Qf8 {[%emt 0:00:37]} Nf7 {[%emt 0:00:19]} 38. h3 {[%emt 0:02:32]} Bc4 {[%emt 0:00:41]} 39. Qc8 {[%emt 0:00:41]} Nd6 40. Qxc6 {[%emt 0:00:12]} Qe5 {[%emt 0:00:51]} 41. Qc5 {[%emt 0:01:59]} Qf6 {[%emt 0:00:18]} 42. Nxf5 {[%emt 0:01:01]} Qxf5 {[%emt 0:00:48]} 43. Qxd6 {[%emt 0:00:03]} Bd3 {[%emt 0:00:02]} 44. Qd4 {[%emt 0:00:16]} g4 {[%emt 0:00:15]} 45. h4 {[%emt 0:00:22]} g6 {[%emt 0:00:14]} 46. Qa7+ {[%emt 0:00:09]} Kg8 {[%emt 0:00:26]} 47. Qb8+ {[%emt 0:00:04]} Kf7 {[%emt 0:01:13]} 48. Qf4 {[%emt 0:00:17]} Ke6 49. Qc7 {[%emt 0:02:47]} Qd5 {[%emt 0:01:15]} 50. Qf4 {[%emt 0:00:13]} Qf5 {[%emt 0:00:03]} 51. Qh6 {[%emt 0:00:16]} Qf6 {[%emt 0:00:46]} 52. h5 {[%emt 0:00:40]} gxh5 {[%emt 0:00:32]} 53. Qxh5 {[%emt 0:00:04]} Qf5 {[%emt 0:00:16]} 54. Qe8+ {[%emt 0:00:14]} Kd6 {[%emt 0:00:21]} 55. b5 {[%emt 0:01:11]} Bxb5 {[%emt 0:01:07]} 56. Qxe4 {[%emt 0:00:24]} Qg5 {[%emt 0:00:43]} 57. Qf4+ {[%emt 0:00:32]} Qxf4 {[%emt 0:00:03]} 58. gxf4 {[%emt 0:00:02]} Be2 {[%emt 0:00:14]} 59. Kh2 {[%emt 0:00:08]} Ke6 {[%emt 0:00:07]} 60. Kg3 {[%emt 0:00:03]} Kf6 {[%emt 0:00:17]} 61. Bb7 {[%emt 0:00:08]} Kg6 {[%emt 0:00:27]} 62. Bc8 {[%emt 0:00:04]} Kh5 {[%emt 0:00:03]} 63. e4 {[%emt 0:00:04]} Bd1 {[%emt 0:00:14]} 64. Bf5 {[%emt 0:00:09]} Bf3 {[%emt 0:00:24]} 65. e5 {[%emt 0:00:10]} Kh6 {[%emt 0:00:13]} 66. Bxg4 {[%emt 0:00:06]} 1-0

[Event "7th Iberoamerican-ch 2019"]
[Site "Linares"]
[Date "2019.08.12"]
[Round "3.37"]
[White "Forgas Moreno, Yaniela"]
[Black "Jesus Reyes, Javier"]
[Result "1-0"]
[WhiteElo "2272"]
[BlackElo "2026"]
[Annotator "TA"]
[PlyCount "59"]
[EventDate "2019.08.10"]
[EventType "swiss"]
[EventCountry "ESP"]
[SourceTitle "playchess.com"]
[Source "ChessBase"]
[SourceQuality "1"]

{[%evp 12,65,29,19,36,33,36,20,25,16,21,-66,-55,-96,13,22,25,4,4,10,10,0,120,120,120,127,231,208,192,66,67,9,10,13,59,11,57,47,215,223,261,261,361,345,6470,1168,1155,1155,1147,1126,1111,1100,1354,1339,1312,1286]} 1. e4 e5 2. Nf3 Nc6 3. Bc4 Bc5 4. c3 Nf6 5. d3 d6 6. O-O a6 7. Bb3 Be6 {C54: Giuoco Piano: 4 c3 Nf6, main lines with 5 d4 and 5 d3} (7... O-O 8. Re1 h6 9. Nbd2 Be6 10. Nf1 Bxb3 11. Qxb3 Qd7 12. Ng3 Rfe8 13. h3 d5 14. exd5 Nxd5 15. Ne4 Bf8 16. Bd2 b5 17. a4 {0-1 (33) Amin,B (2709)-Swiercz,D (2655) Astana 2019}) 8. Bxe6 fxe6 9. d4 $146 ({Predecessor:} 9. Qb3 Qc8 10. Re1 h6 11. Be3 Bxe3 12. fxe3 g5 13. d4 g4 14. Nfd2 h5 15. Rf1 {0-1 (58) Fuhrmann,B (1493)-Bolz,J (1325) Magdeburg 2017}) 9... Ba7 {The position is equal.} 10. dxe5 Nxe5 11. Nd4 (11. Nxe5 $11 dxe5 12. Qe2) 11... Qd7 12. Qb3 {[#]} Bxd4 (12... O-O-O $1 $17 13. Bg5 c5) 13. cxd4 $11 Nc6 14. d5 exd5 15. exd5 Ne7 16. Bg5 Nfxd5 (16... O-O-O $11) 17. Nc3 $16 c6 18. Rfe1 {Strongly threatening Nxd5.} Kf8 (18... O-O-O $16) 19. Bxe7+ Nxe7 {[#]} 20. Ne4 ({Only move:} 20. Re3 $1 $18) 20... Nd5 $14 21. Qf3+ (21. Re2 $14) 21... Kg8 $11 22. Qg3 $36 {[%mdl 2048] White fights for an advantage.} Rd8 23. Nxd6 (23. Rad1 $5 {[%cal Rd1d5]} Rf8 24. Nc3 $14 (24. Nxd6 h5 $11) (24. Qxd6 Qxd6 25. Nxd6 Rb8 $16)) 23... h6 ({But not} 23... Qxd6 $2 24. Qxd6 Rxd6 25. Re8+ Kf7 26. Rxh8 $18) 24. Ne4 {[%cal Bd6e4,Be4c5,Bc5e6][%mdl 32]} Kf7 $2 (24... Qf7 $14) 25. Nc5 $18 Qc8 26. Ne6 Rdg8 27. Rad1 {White threatens Rxd5 and mate.} ({Don't take} 27. Qf3+ Nf6 $18) 27... g5 $2 (27... Qxe6 28. Rxe6 Kxe6) 28. Qf3+ (28. Rxd5 $142 cxd5 29. Qf3+ Kg6 30. h4) 28... Nf6 29. Rd6 {Threatening mate with Nxg5+.} Rg6 30. Red1 {Played: Qf3-f5} 1-0

[Event "7th Iberoamerican-ch 2019"]
[Site "Linares"]
[Date "2019.08.12"]
[Round "3.38"]
[White "Alvarez Morales, Miguel"]
[Black "Lacayo, Rene"]
[Result "1/2-1/2"]
[WhiteElo "1965"]
[BlackElo "2240"]
[Annotator "TA"]
[PlyCount "43"]
[EventDate "2019.08.10"]
[EventType "swiss"]
[EventCountry "ESP"]
[SourceTitle "playchess.com"]
[Source "ChessBase"]
[SourceQuality "1"]

{[%evp 22,43,0,-10,0,0,0,-6,-5,-13,0,0,0,-3,-3,-3,-3,-5,-3,-12,0,-6,0,0]} 1. c4 e6 2. Nc3 d5 3. d4 Nf6 4. Nf3 c6 5. cxd5 exd5 6. Bg5 Be7 7. Qc2 g6 8. e3 Bf5 9. Bd3 Bxd3 10. Qxd3 O-O 11. Bxf6 Bxf6 12. b4 {The position is equal.} Qd6 {D36: Queen's Gambit Declined: Exchange Variation: Main line (5 Bg5 c6 6 Qc2)} (12... a6 13. O-O Be7 14. Na4 Ra7 15. a3 Nd7 16. Nc5 Nf6 17. Ne5 Bd6 18. f4 Qe7 19. Rac1 Raa8 20. a4 {0-1 (50) Kryakvin,D (2603)-Belov,V (2625) Irkutsk 2010}) 13. Rb1 b5 $146 ({Predecessor:} 13... Nd7 14. O-O Bg7 15. b5 Nb6 16. bxc6 bxc6 17. Rfc1 Rfc8 18. Qa6 c5 19. Nb5 Qe7 20. Nxa7 Qxa7 21. Qxa7 Rxa7 22. Rxb6 Rxa2 {1-0 (51) Arkell,K (2460)-Sumit,K (2219) Harrogate 2019}) 14. O-O a5 15. e4 {[#] And now e5 would win.} dxe4 (15... axb4 {keeps more tension.} 16. Nxd5 cxd5 17. e5 Qe6 18. exf6 Nc6) 16. Nxe4 Qd8 17. Nxf6+ (17. bxa5 {seems wilder.} Bg7 18. Rb2 Rxa5 19. Re2 Qd5 20. Nc3) 17... Qxf6 18. a3 axb4 19. axb4 Rd8 20. Qe4 Qd6 21. Rfc1 Ra7 22. Qh4 1/2-1/2

[Event "7th Iberoamerican-ch 2019"]
[Site "Linares"]
[Date "2019.08.12"]
[Round "3.39"]
[White "Almagro Mazariegos, Sebastian"]
[Black "Gines Abad, Pedro"]
[Result "1-0"]
[WhiteElo "2268"]
[BlackElo "1964"]
[Annotator "NA"]
[PlyCount "49"]
[EventDate "2019.08.10"]
[EventType "swiss"]
[EventCountry "ESP"]
[SourceTitle "playchess.com"]
[Source "ChessBase"]
[SourceQuality "1"]
[TimeControl "5400+30"]

1. e4 {[%emt 0:00:00]} c6 {[%emt 0:00:43]} 2. c4 {[%emt 0:00:00]} d5 {[%emt 0:00:46]} 3. cxd5 {[%emt 0:00:00]} cxd5 {[%emt 0:00:10]} 4. exd5 {[%emt 0:00:00]} Nf6 {[%emt 0:00:44]} 5. Nc3 {[%emt 0:00:04]} Nxd5 {[%emt 0:00:27]} 6. Nf3 {[%emt 0:00:08]} g6 {[%emt 0:03:46]} 7. Bc4 {[%emt 0:08:15]} Nxc3 {[%emt 0:06:47]} 8. Qb3 {[%emt 0:05:00]} e6 {[%emt 0:10:48]} 9. Qxc3 {[%emt 0:02:43]} Rg8 {[%emt 0:00:14]} 10. d4 {[%emt 0:01:41]} Nc6 {[%emt 0:00:47]} 11. O-O {[%emt 0:00:10]} Bg7 {[%emt 0:03:01]} 12. Be3 {[%emt 0:03:47]} Bd7 {[%emt 0:09:55]} 13. Qd2 {[%emt 0:05:21]} Qa5 {[%emt 0:05:20]} 14. Qe2 {[%emt 0:01:50]} Ne7 {[%emt 0:02:16]} 15. Bg5 {[%emt 0:17:45]} h6 {[%emt 0:18:54]} 16. Bxe7 {[%emt 0:01:45]} Kxe7 {[%emt 0:00:10]} 17. d5 {[%emt 0:00:21]} Rge8 {[%emt 0:02:01]} 18. Ne5 {[%emt 0:03:42]} Bc8 {[%emt 0:03:07]} 19. Rfe1 {[%emt 0:31:16]} Kf8 {[%emt 0:06:23]} 20. Qf3 {[%emt 0:02:07]} Bxe5 {[%emt 0:03:22]} 21. Rxe5 {[%emt 0:00:04]} exd5 {[%emt 0:08:52]} 22. Rxe8+ {[%emt 0:02:55]} Kxe8 {[%emt 0:00:03]} 23. Bxd5 {[%emt 0:00:21]} Bf5 {[%emt 0:02:34]} 24. Bxf7+ {[%emt 0:01:02]} Kd8 {[%emt 0:03:51]} 25. Qxb7 {[%emt 0:00:35]} 1-0

[Event "7th Iberoamerican-ch 2019"]
[Site "Linares"]
[Date "2019.08.12"]
[Round "3.40"]
[White "Garcia Morales, Ivette Ale"]
[Black "Calzetta Ruiz, Monica"]
[Result "1/2-1/2"]
[WhiteElo "1998"]
[BlackElo "2257"]
[Annotator "NA"]
[PlyCount "70"]
[EventDate "2019.08.10"]
[EventType "swiss"]
[EventCountry "ESP"]
[SourceTitle "playchess.com"]
[Source "ChessBase"]
[SourceQuality "1"]
[TimeControl "5400+30"]

1. d4 {[%emt 0:00:00]} Nf6 {[%emt 0:02:42]} 2. Bg5 {[%emt 0:00:04]} Ne4 {[%emt 0:00:30]} 3. Bf4 {[%emt 0:00:00]} c5 {[%emt 0:00:32]} 4. f3 {[%emt 0:00:00]} Nf6 {[%emt 0:00:45]} 5. d5 {[%emt 0:00:00]} d6 {[%emt 0:00:55]} 6. e4 {[%emt 0:01:51]} g6 {[%emt 0:00:13]} 7. Qd2 {[%emt 0:00:30]} h6 {[%emt 0:09:23]} 8. Bb5+ {[%emt 0:03:02]} Bd7 {[%emt 0:00:19]} 9. a4 {[%emt 0:00:45]} a6 {[%emt 0:00:14]} 10. Bc4 {[%emt 0:04:33]} Bg7 {[%emt 0:01:32]} 11. Nc3 {[%emt 0:00:42]} Qa5 {[%emt 0:05:47]} 12. Nd1 {[%emt 0:05:01]} Qxd2+ {[%emt 0:01:45]} 13. Bxd2 {[%emt 0:03:57]} O-O {[%emt 0:00:32]} 14. Ne2 {[%emt 0:05:18]} b6 {[%emt 0:13:27]} 15. Ra3 {[%emt 0:13:24]} Ra7 {[%emt 0:01:01]} 16. b4 cxb4 {[%emt 0:10:54]} 17. Bxb4 {[%emt 0:06:57]} Rc7 {[%emt 0:00:18]} 18. Bd3 {[%emt 0:00:22]} Rfc8 {[%emt 0:05:39]} 19. Ne3 {[%emt 0:08:15]} Be8 {[%emt 0:01:22]} 20. O-O {[%emt 0:07:00]} Nfd7 {[%emt 0:00:28]} 21. Rb1 {[%emt 0:07:49]} Ne5 {[%emt 0:10:07]} 22. Be1 {[%emt 0:01:40]} Nxd3 23. cxd3 {[%emt 0:13:19]} Nd7 {[%emt 0:05:24]} 24. Nc4 {[%emt 0:00:30]} b5 {[%emt 0:00:58]} 25. axb5 {[%emt 0:01:45]} axb5 {[%emt 0:00:03]} 26. Rxb5 {[%emt 0:01:02]} Ne5 {[%emt 0:02:21]} 27. Rb4 {[%emt 0:00:48]} Nxd3 28. Rxd3 {[%emt 0:00:54]} Rxc4 {[%emt 0:00:37]} 29. Rxc4 {[%emt 0:00:20]} Rxc4 {[%emt 0:00:03]} 30. Bc3 {[%emt 0:00:42]} f5 {[%emt 0:06:19]} 31. exf5 {[%emt 0:01:54]} gxf5 {[%emt 0:00:03]} 32. Bxg7 {[%emt 0:00:48]} Kxg7 {[%emt 0:00:02]} 33. Re3 {[%emt 0:01:55]} Kf8 {[%emt 0:01:50]} 34. g3 {[%emt 0:02:19]} Bf7 {[%emt 0:01:05]} 35. Nf4 {[%emt 0:00:06]} Rd4 1/2-1/2

[Event "7th Iberoamerican-ch 2019"]
[Site "Linares"]
[Date "2019.08.13"]
[Round "4.1"]
[White "Anton Guijarro, David"]
[Black "Henriquez Villagra, Cristobal"]
[Result "1/2-1/2"]
[WhiteElo "2678"]
[BlackElo "2560"]
[Annotator "ChessBase"]
[PlyCount "95"]
[EventDate "2019.08.10"]
[EventType "swiss"]
[EventCountry "ESP"]
[SourceTitle "playchess.com"]
[Source "ChessBase"]
[SourceQuality "1"]
[TimeControl "5400+30"]

1. c4 {[%emt 0:00:00]} c6 {[%emt 0:03:40]} 2. d4 {[%emt 0:00:47]} d5 {[%emt 0:00:05]} 3. Nf3 {[%emt 0:00:12]} Nf6 {[%emt 0:00:04]} 4. Nc3 {[%emt 0:00:45]} e6 {[%emt 0:00:05]} 5. Bg5 {[%emt 0:01:30]} Nbd7 {[%emt 0:00:14]} 6. cxd5 {[%emt 0:02:00]} exd5 {[%emt 0:00:14]} 7. Qc2 {[%emt 0:00:41]} Be7 {[%emt 0:06:31]} 8. e3 {[%emt 0:00:39]} O-O {[%emt 0:07:00]} 9. Bd3 {[%emt 0:01:24]} Re8 {[%emt 0:01:16]} 10. O-O {[%emt 0:02:06]} Nf8 {[%emt 0:02:05]} 11. h3 {[%emt 0:02:41]} Nh5 {[%emt 0:07:09]} 12. Bxe7 {[%emt 0:01:39]} Rxe7 {[%emt 0:00:06]} 13. b4 {[%emt 0:03:14]} Qd6 {[%emt 0:03:07]} 14. b5 {[%emt 0:02:50]} Bd7 {[%emt 0:16:52]} 15. bxc6 {[%emt 0:09:29]} Bxc6 {[%emt 0:00:08]} 16. Rfc1 {[%emt 0:02:52]} Nf6 {[%emt 0:00:17]} 17. Ne5 {[%emt 0:05:06]} Ne6 {[%emt 0:01:13]} 18. a4 {[%emt 0:07:46]} Rc7 {[%emt 0:03:54]} 19. Qb2 {[%emt 0:10:51]} g6 {[%emt 0:04:56]} 20. Be2 {[%emt 0:04:50]} Be8 {[%emt 0:07:01]} 21. Nb5 {[%emt 0:06:19]} Bxb5 {[%emt 0:04:23]} 22. axb5 {[%emt 0:00:50]} Rxc1+ {[%emt 0:01:28]} 23. Rxc1 {[%emt 0:00:07]} Nd7 {[%emt 0:03:10]} 24. Nd3 {[%emt 0:02:12]} h5 {[%emt 0:04:10]} 25. Qb4 {[%emt 0:03:50]} Qf8 {[%emt 0:04:44]} 26. Bf3 {[%emt 0:02:06]} Nf6 {[%emt 0:00:07]} 27. Qxf8+ {[%emt 0:02:11]} Kxf8 {[%emt 0:00:14]} 28. Nb4 {[%emt 0:00:22]} Rd8 {[%emt 0:02:05]} 29. Ra1 {[%emt 0:00:21]} a6 {[%emt 0:00:20]} 30. bxa6 {[%emt 0:00:19]} bxa6 {[%emt 0:00:05]} 31. Rxa6 {[%emt 0:00:38]} h4 {[%emt 0:01:50]} 32. Ra5 {[%emt 0:04:41]} Nc7 {[%emt 0:00:04]} 33. Nc6 {[%emt 0:03:47]} Rd6 {[%emt 0:03:34]} 34. Rc5 {[%emt 0:02:22]} Ne6 {[%emt 0:00:47]} 35. Rc2 {[%emt 0:00:10]} Rd7 {[%emt 0:01:15]} 36. Bg4 {[%emt 0:01:51]} Nxg4 {[%emt 0:01:23]} 37. hxg4 {[%emt 0:00:05]} Rb7 {[%emt 0:00:02]} 38. Ne5 {[%emt 0:02:50]} Ng5 {[%emt 0:01:12]} 39. Nf3 {[%emt 0:07:26]} Rb1+ {[%emt 0:05:45]} 40. Kh2 {[%emt 0:00:05]} Ne4 {[%emt 0:00:02]} 41. Nxh4 {[%emt 0:03:22]} Rf1 {[%emt 0:00:04]} 42. f3 {[%emt 0:00:22]} Nf2 {[%emt 0:01:11]} 43. Re2 {[%emt 0:00:45]} Nd1 {[%emt 0:00:19]} 44. e4 {[%emt 0:01:21]} dxe4 {[%emt 0:00:21]} 45. fxe4 {[%emt 0:00:38]} Rf4 {[%emt 0:00:22]} 46. g3 {[%emt 0:00:59]} Rxg4 {[%emt 0:00:33]} 47. Kh3 {[%emt 0:00:19]} Rxe4 {[%emt 0:00:05]} 48. Rxe4 1/2-1/2

[Event "7th Iberoamerican-ch 2019"]
[Site "Linares"]
[Date "2019.08.13"]
[Round "4.2"]
[White "Plazuelo Pascual, Juan"]
[Black "Flores, Diego"]
[Result "0-1"]
[WhiteElo "2403"]
[BlackElo "2600"]
[Annotator "ChessBase"]
[PlyCount "98"]
[EventDate "2019.08.10"]
[EventType "swiss"]
[EventCountry "ESP"]
[SourceTitle "playchess.com"]
[Source "ChessBase"]
[SourceQuality "1"]
[TimeControl "5400+30"]

1. d4 {[%emt 0:00:00]} Nf6 {[%emt 0:00:19]} 2. c4 {[%emt 0:00:00]} e6 {[%emt 0:00:40]} 3. Nf3 {[%emt 0:00:01]} Bb4+ {[%emt 0:01:58]} 4. Bd2 {[%emt 0:00:38]} a5 {[%emt 0:02:26]} 5. a3 {[%emt 0:00:38]} Bxd2+ {[%emt 0:00:44]} 6. Qxd2 {[%emt 0:00:14]} d6 {[%emt 0:24:08]} 7. Nc3 {[%emt 0:00:46]} Nbd7 {[%emt 0:04:15]} 8. g4 {[%emt 0:07:37]} h6 {[%emt 0:11:52]} 9. Rg1 {[%emt 0:05:02]} b6 {[%emt 0:07:28]} 10. O-O-O {[%emt 0:07:54]} Bb7 {[%emt 0:00:30]} 11. h3 {[%emt 0:03:02]} d5 {[%emt 0:11:22]} 12. Ne5 {[%emt 0:14:59]} Nxe5 {[%emt 0:06:03]} 13. dxe5 {[%emt 0:00:14]} Ne4 {[%emt 0:00:07]} 14. Nxe4 {[%emt 0:04:28]} dxe4 {[%emt 0:01:08]} 15. Qxd8+ {[%emt 0:22:51]} Rxd8 {[%emt 0:00:03]} 16. Bg2 {[%emt 0:01:21]} Ke7 {[%emt 0:06:36]} 17. Rxd8 {[%emt 0:07:13]} Rxd8 {[%emt 0:00:13]} 18. Rd1 {[%emt 0:00:09]} Rxd1+ {[%emt 0:07:30]} 19. Kxd1 {[%emt 0:00:04]} a4 {[%emt 0:00:15]} 20. e3 {[%emt 0:01:18]} c5 {[%emt 0:05:20]} 21. Kd2 {[%emt 0:02:24]} f5 {[%emt 0:00:24]} 22. exf6+ {[%emt 0:04:35]} gxf6 {[%emt 0:01:10]} 23. Ke2 {[%emt 0:01:23]} f5 {[%emt 0:02:56]} 24. gxf5 {[%emt 0:00:11]} exf5 {[%emt 0:00:01]} 25. f3 {[%emt 0:00:50]} Ba6 {[%emt 0:03:22]} 26. fxe4 {[%emt 0:00:11]} Bxc4+ {[%emt 0:00:01]} 27. Kd2 {[%emt 0:01:54]} Kf6 {[%emt 0:00:54]} 28. exf5 {[%emt 0:00:16]} Kxf5 {[%emt 0:00:06]} 29. Kc3 {[%emt 0:04:09]} Be6 {[%emt 0:00:56]} 30. Bc6 {[%emt 0:01:00]} Kg5 {[%emt 0:00:19]} 31. Bxa4 {[%emt 0:00:46]} Bxh3 {[%emt 0:00:01]} 32. Bc6 {[%emt 0:06:23]} h5 {[%emt 0:00:23]} 33. b4 {[%emt 0:00:04]} Bf1 {[%emt 0:01:54]} 34. bxc5 {[%emt 0:00:40]} bxc5 {[%emt 0:00:01]} 35. a4 {[%emt 0:00:04]} h4 {[%emt 0:00:08]} 36. Bd7 {[%emt 0:00:47]} Kf6 {[%emt 0:00:27]} 37. Kd2 {[%emt 0:01:51]} Ke7 {[%emt 0:00:32]} 38. Bf5 {[%emt 0:00:38]} h3 {[%emt 0:01:12]} 39. Ke1 {[%emt 0:00:04]} h2 {[%emt 0:01:05]} 40. Be4 {[%emt 0:00:01]} Bd3 {[%emt 0:00:04]} 41. Bg2 {[%emt 0:03:04]} Kd6 {[%emt 0:00:11]} 42. a5 {[%emt 0:00:16]} Ke5 {[%emt 0:00:11]} 43. Kf2 {[%emt 0:00:03]} Ba6 {[%emt 0:01:05]} 44. Ke1 {[%emt 0:00:18]} Bb5 {[%emt 0:00:45]} 45. Kf2 {[%emt 0:00:52]} c4 {[%emt 0:00:34]} 46. e4 {[%emt 0:01:03]} c3 {[%emt 0:00:25]} 47. Ke3 {[%emt 0:00:13]} Ba6 {[%emt 0:00:48]} 48. Bh1 {[%emt 0:00:20]} Bb7 {[%emt 0:00:07]} 49. Kd3 {[%emt 0:00:48]} c2 {[%emt 0:00:10] Kd4+} 0-1

[Event "7th Iberoamerican-ch 2019"]
[Site "Linares"]
[Date "2019.08.13"]
[Round "4.3"]
[White "Delgado Ramirez, Neuris"]
[Black "Salinas Herrera, Pablo"]
[Result "*"]
[WhiteElo "2605"]
[BlackElo "2498"]
[Annotator "ChessBase"]
[PlyCount "35"]
[EventDate "2019.08.10"]
[EventType "swiss"]
[EventCountry "ESP"]
[SourceTitle "playchess.com"]
[Source "ChessBase"]
[SourceQuality "1"]
[TimeControl "5400+30"]

1. e4 {[%emt 0:00:58]} e5 {[%emt 0:02:05]} 2. Nf3 {[%emt 0:00:13]} Nc6 {[%emt 0:00:03]} 3. Bb5 {[%emt 0:00:15]} a6 {[%emt 0:00:04]} 4. Ba4 {[%emt 0:00:04]} d6 {[%emt 0:00:04]} 5. Bxc6+ {[%emt 0:00:56]} bxc6 {[%emt 0:00:05]} 6. d4 {[%emt 0:00:05]} exd4 {[%emt 0:02:26]} 7. Nxd4 {[%emt 0:00:04]} Ne7 {[%emt 0:09:49]} 8. Bg5 {[%emt 0:04:02]} f6 {[%emt 0:08:54]} 9. Be3 {[%emt 0:03:13]} g6 {[%emt 0:02:06]} 10. Nc3 {[%emt 0:01:31]} Rb8 {[%emt 0:06:56]} 11. Qe2 {[%emt 0:02:26]} Bg7 {[%emt 0:12:14]} 12. O-O-O {[%emt 0:00:22]} Qd7 {[%emt 0:00:14]} 13. f4 {[%emt 0:04:12]} O-O {[%emt 0:04:36]} 14. Rhf1 {[%emt 0:01:53]} c5 {[%emt 0:05:27]} 15. Nb3 {[%emt 0:00:43]} Qe6 {[%emt 0:00:04]} 16. h3 {[%emt 0:01:31]} f5 {[%emt 0:09:00]} 17. e5 {[%emt 0:00:20]} Nc6 {[%emt 0:00:39]} 18. Rfe1 {[%emt 0:03:49]} *